| 000 | 00630nam a2200229Ia 4500 | ||
|---|---|---|---|
| 003 | OSt | ||
| 005 | 20230425113039.0 | ||
| 008 | 210423s2012 xx 000 0 und d | ||
| 020 | _a9780070667136 | ||
| 040 | _cAL | ||
| 041 | _aeng | ||
| 082 |
_a332.6 _223 _b HIRM |
||
| 100 |
_aHIRSCHEY (Mark);NOFSINGER (John) _992470 |
||
| 245 | _aInvestments: analysis and behavior | ||
| 260 |
_aNew Delhi _bTata McGraw-hill _c2012 |
||
| 300 |
_axxv,645 _bPB |
||
| 365 |
_b610 _cINR |
||
| 650 |
_aFinancial Economics _992471 |
||
| 650 |
_aInvestment Management _992472 |
||
| 906 | _aanalysis ; behavior ; Investments: | ||
| 942 |
_2ddc _cBK |
||
| 999 |
_c160987 _d160987 |
||